000 00262nam a22000977a 4500
999 _c11355
_d11355
008 190313b ||||| |||| 00| 0 eng d
020 _a9780736063685
100 _aDelavier Frederic
_97095
245 _aStrength training anatomy
260 _aUSA
_bHuman Kinetics
_c2006